000 00463nam a22001697a 4500
003 BD-ChCU
005 20260106095557.0
008 260106b bg ||||| |||| 00| 0 ben d
040 _cBD-ChCU
082 _a330.1 STT
100 _aStonier, Alfred W.
_918654
245 _aA textbook of economic theory ./
_cAlfred W. Stonier .
250 _a3ed ed.
260 _aLondon :
_bEnglish language book society ,
_cC 1966
300 _ax , 574p
942 _2ddc
_cBK
_n0
999 _c110725
_d110725